Países da olimpíada de Saint Louis 1904 - Statistics

Estatísticas Gerais
  • Esse quiz foi jogado 24 vezes
  • A pontuação média é 11 de 15
Estatísticas das Respostas
Ouros Pratas Bronzes Resposta % Correto
4 4 5 Alemanha
100%
78 82 79 Estados Unidos
100%
4 1 1 Canadá
96%
0 0 0 {Itália}*
96%
0 0 0 Austrália
91%
0 0 0 França
91%
0 0 1 Áustria
78%
1 0 1 Grécia
65%
2 1 1 Hungria
65%
1 0 1 Suíça
61%
1 1 0 Grã-Bretanha
57%
0 0 0 África Do Sul
52%
0 0 0 {Noruega}*
52%
4 2 3 Cuba
48%
0 0 0 (Colônia De {Terra Nova})*
9%
Nenhum quiz correspondente encontrado
Distribuição das Pontuações
Porcentagem de Pessoas com Cada Pontuação
Percentil de Números Respondidos
Sua Pontuação Histórica
Você não jogou esse quiz